|
|
|
|
| LEADER |
00000naa2a2200000 4500 |
| 001 |
242388 |
| 005 |
20251209115733.0 |
| 035 |
|
|
|a (RuTPU)RU\TPU\book\263702
|
| 035 |
|
|
|a RU\TPU\book\263686
|
| 090 |
|
|
|a 242388
|
| 100 |
|
|
|a 20130830d2013 k||y0rusy50 ca
|
| 101 |
0 |
|
|a rus
|
| 102 |
|
|
|a RU
|
| 135 |
|
|
|a drnn ---uucaa
|
| 181 |
|
0 |
|a i
|
| 182 |
|
0 |
|a b
|
| 200 |
1 |
|
|a Урановые ресурсы минерализованных озер западной Монголии
|d Uranium resources of the mineralized lakes of the western Mongolia
|f В. П. Исупов [и др.]
|
| 203 |
|
|
|a Текст
|c электронный
|
| 215 |
|
|
|a 1 файл (235 Кб)
|
| 300 |
|
|
|a Заглавие с титульного листа
|
| 320 |
|
|
|a [Библиогр.: с. 227 (9 назв.)]
|
| 330 |
|
|
|a The macro and microcomponent composition of the saline and freshwater lakes of the Western Mongolia is considered. It is shown that most of the lakes in this region contains high content of uranium. Among the explored lakes the greatest uranium resources are stored in lake Hyargas Nuur (about 6 000 ton). As the studied lakes contain high concentration of other useful components (Br, Li, B, Sr, Rb), uranium extraction from the lakes of Mongolia can be profitable
|
| 337 |
|
|
|a Adobe Reader
|
| 463 |
|
1 |
|0 (RuTPU)RU\TPU\book\263484
|t Радиоактивность и радиоактивные элементы в среде обитания человека
|o материалы IV Международной конференции, 4-8 июня 2013 г., г. Томск
|f Национальный исследовательский Томский политехнический университет (ТПУ) ; Российская академия наук (РАН), Сибирское отделение (СО), Институт геологии и минералогии ; Зарубежгеология, Открытое Акционерное Общество ; Российское геологическое общество (РосГео), Томское региональное отделение (ТРО) ; Волковгеология ; Казатомпром ; под ред. Л. П. Рихванова
|v [С. 224-227]
|d 2013
|
| 510 |
1 |
|
|a Uranium resources of the mineralized lakes of the western Mongolia
|z eng
|
| 610 |
1 |
|
|a труды учёных ТПУ
|
| 610 |
1 |
|
|a электронный ресурс
|
| 610 |
1 |
|
|a уран
|
| 610 |
1 |
|
|a озера
|
| 610 |
1 |
|
|a Монголия
|
| 610 |
1 |
|
|a минерализация
|
| 610 |
1 |
|
|a минерализованные воды
|
| 701 |
|
1 |
|a Исупов
|b В. П.
|
| 701 |
|
1 |
|a Шацкая
|b С. С.
|
| 701 |
|
1 |
|a Ариунбилэг
|b С.
|
| 701 |
|
1 |
|a Шварцев
|b С. Л.
|c российский гидрогеолог, доктор геолого-минералогических наук
|c профессор Томского политехнического университета, академик РАЕН
|f 1936-
|g Степан Львович
|3 (RuTPU)RU\TPU\pers\25914
|
| 701 |
|
1 |
|a Владимиров
|b А. Г.
|
| 701 |
|
1 |
|a Колпакова
|b М. Н.
|c гидрогеолог
|c ассистент кафедры Томского политехнического университета
|f 1987-
|g Марина Николаевна
|3 (RuTPU)RU\TPU\pers\30421
|
| 701 |
|
1 |
|a Мороз
|b Е. Н.
|
| 701 |
|
1 |
|a Куйбида
|b Л. В.
|
| 712 |
0 |
2 |
|a Национальный исследовательский Томский политехнический университет (ТПУ)
|b Институт природных ресурсов (ИПР)
|b Кафедра гидрогеологии, инженерной геологии и гидрогеоэкологии (ГИГЭ)
|3 (RuTPU)RU\TPU\col\18664
|
| 801 |
|
1 |
|a RU
|b 63413507
|c 20130116
|
| 801 |
|
2 |
|a RU
|b 63413507
|c 20130830
|g RCR
|
| 856 |
4 |
|
|u http://www.lib.tpu.ru/fulltext/c/2013/C33/055.pdf
|
| 942 |
|
|
|c CF
|